| 000 | 00366nam a2200145Ia 4500 | ||
|---|---|---|---|
| 008 | 231217s9999 xx 000 0 und d | ||
| 041 | _aEnglish | ||
| 082 | _a001.6425 HOL;2 | ||
| 100 | _aHolub, Allen I | ||
| 245 | 0 | _aCompiler design in C | |
| 260 |
_c1990 _bNew Delhi : PHI, |
||
| 300 | _axviii+924 | ||
| 650 | _aC Lexical analysis Optimization | ||
| 942 | _cAA | ||
| 999 |
_c164350 _d164350 |
||